| 000 | 00582nam a2200169 i 4500 | ||
|---|---|---|---|
| 001 | 141306 | ||
| 003 | ES-MaACL | ||
| 005 | 20230906200252.0 | ||
| 007 | t| | ||
| 008 | 070920s1907 sp ||||1| spa d | ||
| 100 | 1 |
_aVillar y Peralta, Ernesto. _9115106 |
|
| 245 | 1 | 0 |
_aLecciones de cimentaciones explicadas en el Academia de Ingenieros del Ejército / _cpor Ernesto Villar y Peralta. |
| 260 |
_aGuadalajara : _b[s.n.], _c1907 ( _fImp. del Colegio de Huérfanos de la Guerra) |
||
| 300 |
_aVIII, 249 p. ; _c23 cm. |
||
| 650 | 4 |
_aConstrucción. _911295 |
|
| 852 |
_aES-MaACL _jF-2139 |
||
| 999 |
_c141306 _d141306 |
||